Uplatnenie informačných technológií v marketingovej komunikácii v cestovnom ruchu bakalárska práca

Uložené v:
Podrobná bibliografia
Hlavný autor: Kučeráková, Zuzana
Korporativný autor: Obchodná fakulta EU. Katedra informatiky obchodných firiem
Ďalší autori: Hlavatý, Ivan, 1978-
Médium: Kniha
Jazyk:Slovak
Vydavateľské údaje: Bratislava 2019
Tagy: Pridať tag
Žiadne tagy, Buďte prvý, kto otaguje tento záznam!

MARC

LEADER 00000nbm a2200000 4500
001 0255652
005 20191025135717.0
041 0 |a slo 
044 |a SK 
245 1 0 |a Uplatnenie informačných technológií v marketingovej komunikácii v cestovnom ruchu  |b bakalárska práca  |c Zuzana Kučeráková ; školiteľ: Ivan Hlavatý 
264 1 |a Bratislava  |c 2019 
300 |a 40 s. 
100 1 |a Kučeráková, Zuzana 
700 1 |a Hlavatý, Ivan, 1978- 
710 2 |a Obchodná fakulta EU. Katedra informatiky obchodných firiem